[Event "OSBEM A-Gruppe"]
[Site "Markdorf"]
[Date "2004.05.21"]
[Round "3"]
[White "Kreuzahler, Marc"]
[Black "Baur, Volker"]
[Result "1/2-1/2"]
[WhiteElo "2042"]
[BlackElo "1893"]
[PlyCount "102"]

1. Nc3 d5 2. e4 d4 3. Nce2 g6 4. Ng3 Bg7 5. Bc4 Nf6 6. f4 O-O 7. Nf3 a6 8. d3
b5 9. Bb3 Bb7 10. h4 c5 11. h5 c4 12. dxc4 Nxe4 13. Nxe4 Bxe4 14. Qe2 Bf5 15.
cxb5 d3 16. cxd3 Qxd3 17. Qxd3 Bxd3 18. hxg6 hxg6 19. Ne5 Be4 20. O-O axb5 21.
Re1 Bf5 22. Bd2 e6 23. Bc3 Ra6 24. Red1 f6 25. Nd7 Nxd7 26. Rxd7 Rf7 27. Rd8+
Rf8 28. Rad1 Ra8 29. R8d6 g5 30. fxg5 fxg5 31. Bxe6+ Bxe6 32. Rxe6 Bxc3 33.
bxc3 Rxa2 34. Rg6+ Kf7 35. Rxg5 Rc8 36. Rf1+ Ke6 37. Rxb5 Rxc3 38. Rb6+ Ke5 39.
Rg6 Rcc2 40. Rg8 Ke6 41. Kh2 Rf2 42. Rxf2 Rxf2 43. Kg3 Rf6 44. Kg4 Kf7 45. Rg5
Rb6 46. Kh5 Rb1 47. Ra5 Rb7 48. g4 Kg7 49. g5 Rc7 50. Ra6 Rb7 51. Rg6+ Kh7
1/2-1/2

[Event "OSBEM A-Gruppe"]
[Site "Markdorf"]
[Date "2004.05.21"]
[Round "3"]
[White "Bantle, Manfred"]
[Black "Weidel, Albrecht"]
[Result "0-1"]
[WhiteElo "1910"]
[BlackElo "2160"]
[PlyCount "124"]

1. d4 Nf6 2. c4 c5 3. d5 e6 4. Nc3 exd5 5. cxd5 d6 6. g3 g6 7. Bg2 Bg7 8. e4
O-O 9. Nge2 Re8 10. f3 Na6 11. Be3 Nc7 12. a4 b6 13. Kf2 Ba6 14. Qd2 Bxe2 15.
Nxe2 a6 16. Ra2 Nd7 17. Bg5 Bf6 18. h4 Bxg5 19. hxg5 f6 20. gxf6 Qxf6 21. Qf4
Qe7 22. Qd2 Rf8 23. Kg1 b5 24. axb5 axb5 25. Rxa8 Rxa8 26. f4 Qg7 27. e5 b4 28.
Kf2 Ra2 29. Nc1 Ra1 30. e6 Nb6 31. Re1 Nc4 32. Qd3 Nxb2 33. Qe4 Kf8 34. g4 Ke7
35. f5 Qd4+ 36. Qxd4 cxd4 37. Rh1 h5 38. fxg6 Kf6 39. gxh5 Rxc1 40. Rxc1 Nd3+
41. Kf1 Nxc1 42. Be4 Kg7 43. Ke1 Nb3 44. Bf3 Nc5 45. Kd2 Ne8 46. Kd1 Nf6 47.
Kc2 Ng8 48. Be2 Ne7 49. Bf3 Kf6 50. Kb2 Kg5 51. Kc2 Ng8 52. Kd2 Ne7 53. Kc1
Nd3+ 54. Kb1 Ne5 55. Be4 Kxh5 56. g7 Kh6 57. Kb2 Kxg7 58. Kb3 Kf6 59. Kxb4 Kg5
60. Kb3 Kf4 61. Bh1 Ke3 62. Kc2 Ke2 0-1

[Event "OSBEM A-Gruppe"]
[Site "Markdorf"]
[Date "2004.05.21"]
[Round "3"]
[White "Kraemer, Markus"]
[Black "Ahner, Thomas"]
[Result "0-1"]
[WhiteElo "1897"]
[BlackElo "1967"]
[PlyCount "26"]

1. Nc3 e5 2. Nf3 Nc6 3. d4 exd4 4. Nxd4 Bc5 5. Nb3 Bb6 6. Nd5 Nf6 7. Nxb6 axb6
8. Bg5 Qe7 9. Qc1 d5 10. Qf4 Nb4 11. Bxf6 gxf6 12. Qd2 Qe4 13. Nd4 Qxd4 0-1

[Event "OSBEM A-Gruppe"]
[Site "Markdorf"]
[Date "2004.05.21"]
[Round "3"]
[White "Schneider, Bruno"]
[Black "Fichtl, Xaver"]
[Result "1-0"]
[WhiteElo "1981"]
[BlackElo "1830"]
[PlyCount "67"]

1. e4 e6 2. d4 d5 3. Nc3 c6 4. Nf3 f5 5. exf5 exf5 6. Bg5 Be7 7. Qe2 Nd7 8.
O-O-O Ndf6 9. Ne5 Kf8 10. f3 g6 11. h4 Kg7 12. Re1 h5 13. Qf2 Qc7 14. Bf4 Bd6
15. Qg3 Bxe5 16. Bxe5 Qf7 17. Ne2 Bd7 18. Nf4 Re8 19. Bd3 Ne7 20. Qg5 Neg8 21.
Re2 Rh6 22. Rhe1 Kh7 23. Nh3 Qf8 24. Qf4 Kh8 25. Bd6 Qg7 26. Ng5 Rxe2 27. Rxe2
Ne8 28. Rxe8 Bxe8 29. Be5 Nf6 30. Ne6 g5 31. hxg5 Qe7 32. Qxf5 Bd7 33. gxh6
Qxe6 34. Qh7# 1-0

[Event "OSBEM A-Gruppe"]
[Site "Markdorf"]
[Date "2004.05.21"]
[Round "3"]
[White "Zieger, Michael"]
[Black "Rothmund, Achim"]
[Result "1-0"]
[WhiteElo "1896"]
[BlackElo "1856"]
[PlyCount "47"]

1. e4 e6 2. d4 d5 3. Nc3 Bb4 4. e5 c5 5. a3 Bxc3+ 6. bxc3 Ne7 7. Qg4 Qc7 8.
Qxg7 Rg8 9. Qxh7 cxd4 10. Ne2 Nbc6 11. f4 Bd7 12. h4 O-O-O 13. Qd3 dxc3 14.
Nxc3 Nf5 15. Rh3 Rg4 16. h5 Nxe5 17. fxe5 Qxe5+ 18. Kf2 a6 19. Rb1 Bc6 20. Ne2
d4 21. Ng1 Rdg8 22. Nf3 Qg7 23. Rh2 e5 24. Qxf5+ 1-0

[Event "OSBEM A-Gruppe"]
[Site "Markdorf"]
[Date "2004.05.21"]
[Round "4"]
[White "Wohlfahrt, Rainer"]
[Black "Knoedler, Dieter"]
[Result "1/2-1/2"]
[WhiteElo "2065"]
[BlackElo "2290"]
[PlyCount "52"]

1. d4 e6 2. c4 Nf6 3. Nc3 Bb4 4. g3 O-O 5. Bg2 d5 6. Nf3 c5 7. O-O cxd4 8. Nxd4
dxc4 9. Nc2 Bc5 10. Ne3 Nbd7 11. Nxc4 Nb6 12. Qb3 h6 13. Rd1 Qe7 14. Nxb6 axb6
15. Na4 Ra6 16. Nxc5 bxc5 17. Qc3 e5 18. b3 Rd6 19. Bb2 Rfd8 20. Rdc1 Nd7 21.
f4 f6 22. Qe3 b6 23. Rd1 Qf8 24. Bd5+ Kh8 25. Qf3 exf4 26. gxf4 Nb8 1/2-1/2

[Event "OSBEM A-Gruppe"]
[Site "Markdorf"]
[Date "2004.05.21"]
[Round "4"]
[White "Schroeder, Johannes"]
[Black "Namyslo, Holger"]
[Result "1/2-1/2"]
[WhiteElo "2228"]
[BlackElo "2204"]
[PlyCount "71"]

1. d4 d5 2. c4 e6 3. Nc3 c6 4. Nf3 dxc4 5. a4 Bb4 6. e3 b5 7. Bd2 a5 8. axb5
Bxc3 9. Bxc3 cxb5 10. b3 Bb7 11. bxc4 b4 12. Bb2 Nf6 13. Bd3 O-O 14. O-O Nbd7
15. Re1 Ne4 16. Nd2 Nxd2 17. Qxd2 Qg5 18. f4 Qe7 19. Bc2 Rfc8 20. Qd3 f5 21. d5
Nc5 22. Qd4 Rd8 23. Qe5 Bxd5 24. Bxf5 Bxc4 25. Red1 Rd5 26. Bxe6+ Nxe6 27. Rxd5
Bxd5 28. Qxd5 Rd8 29. Qxa5 Nc5 30. Bd4 Nb3 31. Qa7 Qxa7 32. Rxa7 Nxd4 33. exd4
Rxd4 34. f5 Rd5 35. Rb7 Rxf5 36. Rxb4 1/2-1/2

[Event "OSBEM A-Gruppe"]
[Site "Markdorf"]
[Date "2004.05.21"]
[Round "4"]
[White "Muetz, Gunnar"]
[Black "Merk, Tobias"]
[Result "1/2-1/2"]
[WhiteElo "2092"]
[BlackElo "2043"]
[PlyCount "62"]

1. e4 e6 2. d4 d5 3. Nc3 Bb4 4. e5 c5 5. a3 Bxc3+ 6. bxc3 Ne7 7. a4 Nbc6 8. Nf3
Qa5 9. Qd2 Bd7 10. Bb5 Nxe5 11. Nxe5 Bxb5 12. Ba3 Ba6 13. Bxc5 f6 14. Ng4 Rc8
15. Bb4 Qc7 16. h4 O-O 17. h5 Rf7 18. O-O-O Nc6 19. Kb2 Na5 20. Bxa5 Qxa5 21.
Ra1 Rfc7 22. Rh3 Rxc3 23. Rxc3 Qb4+ 24. Kc1 Qxc3 25. Qxc3 Rxc3 26. Kd2 Rc7 27.
h6 Kf7 28. hxg7 Kxg7 29. f4 Kg6 30. Ne3 h5 31. c3 Bc4 1/2-1/2

[Event "OSBEM A-Gruppe"]
[Site "Markdorf"]
[Date "2004.05.21"]
[Round "4"]
[White "Baur, Frank"]
[Black "Henssler, Joachim"]
[Result "1/2-1/2"]
[WhiteElo "1993"]
[BlackElo "2059"]
[PlyCount "55"]

1. g3 Nf6 2. Bg2 g6 3. Nf3 Bg7 4. O-O O-O 5. d3 d5 6. Nbd2 c5 7. e4 e6 8. Re1
Nc6 9. Qe2 b6 10. Nf1 Ba6 11. e5 Nd7 12. Bf4 h6 13. h4 Rc8 14. N1h2 Kh7 15. Ng4
Qc7 16. Qd2 h5 17. Nf6+ Kh8 18. Nxd7 Qxd7 19. Bg5 Ne7 20. Bh3 d4 21. Bf6 Ng8
22. Bxg7+ Kxg7 23. b3 Bb7 24. Ng5 Qd5 25. Kh2 Nh6 26. f3 Rce8 27. Qf4 Qd8 28.
Re2 1/2-1/2

[Event "OSBEM A-Gruppe"]
[Site "Markdorf"]
[Date "2004.05.21"]
[Round "4"]
[White "Sokratov, Stanislav"]
[Black "Reimche, Vadim"]
[Result "1/2-1/2"]
[WhiteElo "1925"]
[BlackElo "2085"]
[PlyCount "55"]

1. d4 e6 2. c4 f5 3. g3 c5 4. Nf3 cxd4 5. Nxd4 Nc6 6. Bg2 Nf6 7. Nc3 Be7 8. O-O
O-O 9. b3 a6 10. Bb2 Rb8 11. e4 fxe4 12. Nxe4 d5 13. cxd5 exd5 14. Ng5 Qd6 15.
h3 h6 16. Ngf3 Ne4 17. Nxc6 Qxc6 18. Rc1 Qe6 19. Qd3 Bd7 20. a4 Rbc8 21. Rxc8
Rxc8 22. Nd2 Bc6 23. Re1 Bc5 24. Nxe4 dxe4 25. Bxe4 Bxe4 26. Rxe4 Qxh3 27. Rh4
Qe6 28. Re4 1/2-1/2

[Event "OSBEM A-Gruppe"]
[Site "Markdorf"]
[Date "2004.05.21"]
[Round "4"]
[White "Vengring, Antal"]
[Black "Schneider, Bruno"]
[Result "0-1"]
[WhiteElo "1794"]
[BlackElo "1981"]
[PlyCount "72"]

1. e4 c5 2. Nf3 e6 3. Be2 Qc7 4. O-O Nc6 5. d3 g6 6. Nc3 a6 7. Be3 b5 8. Qd2 d6
9. d4 Nf6 10. d5 Ne5 11. Nxe5 dxe5 12. Bg5 Bg7 13. dxe6 Bxe6 14. Bxf6 Bxf6 15.
Nd5 Bxd5 16. exd5 Qd6 17. c4 b4 18. f4 exf4 19. Rae1 O-O 20. Bd1 Bd4+ 21. Kh1
Rae8 22. Ba4 Re3 23. Re2 f5 24. Rf3 Qe5 25. Rfxe3 fxe3 26. Qe1 f4 27. Qh4 f3
28. gxf3 Rxf3 29. Kg2 Rf4 30. Qd8+ Kg7 31. Qd7+ Rf7 32. Qg4 h5 33. Qg3 Qe4+ 34.
Kg1 Rf6 35. Qc7+ Kh6 36. Rc2 e2# 0-1

[Event "OSBEM A-Gruppe"]
[Site "Markdorf"]
[Date "2004.05.21"]
[Round "4"]
[White "Rothmund, Achim"]
[Black "Bantle, Manfred"]
[Result "1/2-1/2"]
[WhiteElo "1856"]
[BlackElo "1910"]
[PlyCount "40"]

1. e4 c5 2. Nc3 e6 3. f4 a6 4. Nf3 Qc7 5. d3 Nc6 6. g3 b5 7. Bg2 Bb7 8. O-O Be7
9. f5 b4 10. fxe6 dxe6 11. Bf4 Bd6 12. Bxd6 Qxd6 13. Na4 Rd8 14. Qd2 h6 15. Qf2
Nd4 16. Ne5 Nf6 17. Ng4 Qe7 18. Nxf6+ gxf6 19. Qxf6 Qxf6 20. Rxf6 Nxc2 1/2-1/2

[Event "OSBEM A-Gruppe"]
[Site "Markdorf"]
[Date "2004.05.21"]
[Round "4"]
[White "Fichtl, Xaver"]
[Black "Kraemer, Markus"]
[Result "1-0"]
[WhiteElo "1830"]
[BlackElo "1897"]
[PlyCount "79"]

1. e4 e5 2. c4 Nc6 3. d3 Bc5 4. Nc3 d6 5. Be3 Nge7 6. Qd2 Ng6 7. g3 Nd4 8. Bg2
Bg4 9. Rc1 Qd7 10. f3 Be6 11. Nge2 a5 12. O-O Nxe2+ 13. Qxe2 Bxe3+ 14. Qxe3 f5
15. exf5 Bxf5 16. d4 O-O 17. dxe5 Nxe5 18. f4 Nd3 19. Rcd1 Rae8 20. Qd2 Nc5 21.
Qd4 Bh3 22. Bd5+ Kh8 23. Bg2 Bxg2 24. Kxg2 Re7 25. Rd2 Rfe8 26. Rfd1 Ne4 27.
Nxe4 Rxe4 28. Qd5 Re2+ 29. Rxe2 Rxe2+ 30. Kf3 Qe7 31. Rd3 Rxb2 32. Re3 Qd7 33.
Qf5 Qc6+ 34. Kg4 h6 35. Qf8+ Kh7 36. Re7 h5+ 37. Kg5 Qc5+ 38. Re5 Qc6 39. Qf5+
Kh8 40. Re7 1-0

[Event "OSBEM A-Gruppe"]
[Site "Markdorf"]
[Date "2004.05.21"]
[Round "4"]
[White "Baur, Volker"]
[Black "Zieger, Michael"]
[Result "1/2-1/2"]
[WhiteElo "1893"]
[BlackElo "1896"]
[PlyCount "33"]

1. d4 Nf6 2. Nc3 d5 3. Bg5 Bf5 4. e3 e6 5. Bd3 Bxd3 6. cxd3 Nbd7 7. Nf3 Be7 8.
O-O O-O 9. Qe2 c5 10. Rfe1 Rc8 11. e4 dxe4 12. dxe4 cxd4 13. Nxd4 Qa5 14. e5
Nd5 15. Bxe7 Nxe7 16. Rad1 Nb6 17. Nb3 1/2-1/2

[Event "OSBEM A-Gruppe"]
[Site "Markdorf"]
[Date "2004.05.21"]
[Round "4"]
[White "Ahner, Thomas"]
[Black "Laengl, Juergen"]
[Result "1/2-1/2"]
[WhiteElo "1967"]
[BlackElo "2158"]
[PlyCount "25"]

1. e4 e6 2. d3 d5 3. Nd2 Nf6 4. Ngf3 Nc6 5. c3 dxe4 6. dxe4 Bc5 7. Bb5 Bd7 8.
Qe2 a6 9. Ba4 Ng4 10. O-O Nce5 11. Nxe5 Nxe5 12. Bxd7+ Qxd7 13. Nb3 1/2-1/2

[Event "OSBEM A-Gruppe"]
[Site "Markdorf"]
[Date "2004.05.21"]
[Round "4"]
[White "Herz, Thomas"]
[Black "Buehler, Juergen"]
[Result "1/2-1/2"]
[WhiteElo "2043"]
[BlackElo "1941"]
[PlyCount "28"]

1. d4 d5 2. Nc3 e6 3. e4 dxe4 4. Nxe4 Nd7 5. Nf3 Ngf6 6. Bg5 Be7 7. Bxf6 Nxf6
8. Bd3 O-O 9. c3 b6 10. Qc2 h6 11. h4 Bb7 12. O-O-O Bxe4 13. Bxe4 Nxe4 14. Qxe4
Qd5 1/2-1/2

[Event "OSBEM A-Gruppe"]
[Site "Markdorf"]
[Date "2004.05.21"]
[Round "4"]
[White "Weidel, Albrecht"]
[Black "Kreuzahler, Marc"]
[Result "1/2-1/2"]
[WhiteElo "2160"]
[BlackElo "2042"]
[PlyCount "74"]

1. d4 Nc6 2. c4 e5 3. d5 Nce7 4. Nc3 Ng6 5. g3 Bc5 6. Bg2 Nf6 7. e3 d6 8. Nge2
Bd7 9. a3 a6 10. b4 Ba7 11. Bb2 h5 12. h3 Qc8 13. Nc1 Nh7 14. Nd3 h4 15. c5
hxg3 16. fxg3 Ng5 17. h4 Nh7 18. Rc1 Bg4 19. Qa4+ Qd7 20. Qxd7+ Bxd7 21. Kd2
Nf6 22. Rhf1 Ke7 23. Ne4 Nxe4+ 24. Bxe4 Rac8 25. Rf2 Rhf8 26. Rcf1 Nh8 27. Bf5
f6 28. e4 Bxf5 29. Rxf5 Nf7 30. Rc1 c6 31. dxc6 Rxc6 32. a4 dxc5 33. bxc5 Rd8
34. Ke2 Ke6 35. Rff1 b6 36. Ba3 bxc5 37. Nxc5+ Bxc5 1/2-1/2

[Event "OSBEM A-Gruppe"]
[Site "Markdorf"]
[Date "2004.05.22"]
[Round "5"]
[White "Namyslo, Holger"]
[Black "Wohlfahrt, Rainer"]
[Result "1-0"]
[WhiteElo "2204"]
[BlackElo "2065"]
[PlyCount "45"]

1. e4 c5 2. Nf3 e6 3. d4 cxd4 4. Nxd4 Nf6 5. Nc3 Nc6 6. Ndb5 Bb4 7. a3 Bxc3+ 8.
Nxc3 d5 9. exd5 exd5 10. Bd3 Bg4 11. f3 Be6 12. O-O d4 13. Ne2 Qb6 14. Nf4 O-O
15. Nxe6 fxe6 16. Qe1 Rae8 17. b4 Ne7 18. Kh1 Ned5 19. Qh4 e5 20. Re1 Qc6 21.
Bd2 Nc3 22. a4 Qd5 23. Bxc3 1-0

[Event "OSBEM A-Gruppe"]
[Site "Markdorf"]
[Date "2004.05.22"]
[Round "5"]
[White "Knoedler, Dieter"]
[Black "Muetz, Gunnar"]
[Result "1-0"]
[WhiteElo "2290"]
[BlackElo "2092"]
[PlyCount "70"]

1. c4 c6 2. b3 d5 3. Bb2 Bf5 4. Nf3 e6 5. g3 Nf6 6. Bg2 Be7 7. O-O O-O 8. d3 h6
9. Nbd2 a5 10. a3 Bh7 11. Qc2 Nbd7 12. Rfc1 Qb8 13. Qd1 b5 14. Nd4 Qb6 15. cxd5
cxd5 16. Rc6 Qb8 17. Bh3 Ne5 18. Rc2 Bd6 19. Rac1 h5 20. N2f3 Neg4 21. Nc6 Qb6
22. e3 Rfe8 23. Nce5 Bf5 24. Bg2 Nxe5 25. Nxe5 Ng4 26. Nxg4 Bxg4 27. Qd2 Be7
28. Rc7 Ra7 29. R7c6 Qb8 30. Bd4 Ra8 31. Qb2 Bf8 32. Rb6 Qd8 33. Rxb5 e5 34.
Rxd5 Qe7 35. Rxe5 Qxa3 1-0

[Event "OSBEM A-Gruppe"]
[Site "Markdorf"]
[Date "2004.05.22"]
[Round "5"]
[White "Merk, Tobias"]
[Black "Schroeder, Johannes"]
[Result "1/2-1/2"]
[WhiteElo "2055"]
[BlackElo "2228"]
[PlyCount "57"]

1. e4 c5 2. c3 d6 3. d4 Nf6 4. Bd3 cxd4 5. cxd4 g6 6. Nc3 Bg7 7. h3 O-O 8. Nf3
Nc6 9. O-O e5 10. dxe5 dxe5 11. Be3 b6 12. Bb5 Bb7 13. Qa4 Rc8 14. Rfd1 Qe7 15.
Ba6 h6 16. Nd5 Nxd5 17. exd5 Bxa6 18. dxc6 Be2 19. Rd7 Qe6 20. Rc1 Bxf3 21.
gxf3 Qxh3 22. Qg4 Qxg4+ 23. fxg4 Ra8 24. Rcd1 Rfc8 25. c7 Kf8 26. Rd8+ Ke7 27.
R1d7+ Ke6 28. Rd6+ Ke7 29. R6d7+ 1/2-1/2

[Event "OSBEM A-Gruppe"]
[Site "Markdorf"]
[Date "2004.05.22"]
[Round "5"]
[White "Schneider, Bruno"]
[Black "Weidel, Albrecht"]
[Result "1/2-1/2"]
[WhiteElo "1981"]
[BlackElo "2160"]
[PlyCount "53"]

1. e4 c5 2. c3 d5 3. exd5 Qxd5 4. d4 cxd4 5. cxd4 Nc6 6. Nf3 e5 7. Nc3 Bb4 8.
Bd2 Bxc3 9. Bxc3 e4 10. Ne5 Nxe5 11. dxe5 Ne7 12. Qxd5 Nxd5 13. Bb5+ Bd7 14.
O-O-O Bxb5 15. Rxd5 Bc6 16. Rd6 O-O 17. Rhd1 Rfe8 18. g3 Rac8 19. Kd2 Re6 20.
Ke3 Kf8 21. Rd8+ Re8 22. Rxe8+ Kxe8 23. Rd6 Rc7 24. Bd4 a6 25. Bb6 Rd7 26. Kd4
Ke7 27. Rxd7+ 1/2-1/2

[Event "OSBEM A-Gruppe"]
[Site "Markdorf"]
[Date "2004.05.22"]
[Round "5"]
[White "Henssler, Joachim"]
[Black "Ahner, Thomas"]
[Result "0-1"]
[WhiteElo "2059"]
[BlackElo "1967"]
[PlyCount "66"]

1. e4 d5 2. exd5 Qxd5 3. Nc3 Qa5 4. d4 c6 5. Nf3 Nf6 6. Bc4 Bf5 7. Ne5 e6 8. g4
Bg6 9. h4 Bd6 10. Qe2 Bxe5 11. dxe5 Ne4 12. Bd2 Nxd2 13. Kxd2 h5 14. Rae1 Nd7
15. f4 O-O-O 16. Kc1 hxg4 17. Qxg4 Qb4 18. Ne4 Nc5 19. Bxe6+ Nxe6 20. f5 Bh5
21. Qg3 Nc7 22. Nd6+ Kb8 23. Re4 Qa5 24. Qb3 Nb5 25. Nc4 Qc7 26. Qe3 Qd7 27. c3
Qxf5 28. a4 Qf3 29. Qe1 Rd1+ 30. Qxd1 Qxe4 31. Qf1 Bg6 32. Qd1 Qxc4 33. axb5
Qe4 0-1

[Event "OSBEM A-Gruppe"]
[Site "Markdorf"]
[Date "2004.05.22"]
[Round "5"]
[White "Kreuzahler, Marc"]
[Black "Sokratov, Stanislav"]
[Result "1/2-1/2"]
[WhiteElo "2042"]
[BlackElo "1925"]
[PlyCount "64"]

1. Nc3 c5 2. Nf3 Nc6 3. d4 cxd4 4. Nxd4 Nf6 5. Bg5 d5 6. g3 Bg4 7. Bg2 e6 8.
Nxc6 bxc6 9. Qd4 Bh5 10. e4 Be7 11. exd5 cxd5 12. Qa4+ Qd7 13. Qxd7+ Nxd7 14.
Bxe7 Kxe7 15. Ne2 Rhc8 16. Rc1 Rab8 17. b3 Ne5 18. Nf4 Bg4 19. h3 Bf5 20. Kd2
h6 21. Rhe1 Kd6 22. Ne2 Nd7 23. f4 Nf6 24. g4 Be4 25. Bf1 Bh7 26. Ng3 g5 27.
fxg5 hxg5 28. c4 Ne4+ 29. Nxe4+ Bxe4 30. Rc3 Rc5 31. Bd3 Bxd3 32. Rxd3 a5
1/2-1/2

[Event "OSBEM A-Gruppe"]
[Site "Markdorf"]
[Date "2004.05.22"]
[Round "5"]
[White "Buehler, Juergen"]
[Black "Baur, Frank"]
[Result "0-1"]
[WhiteElo "1941"]
[BlackElo "1993"]
[PlyCount "56"]

1. c4 g6 2. g3 Bg7 3. Bg2 Nf6 4. Nc3 O-O 5. Nf3 d6 6. O-O e5 7. Rb1 Nc6 8. d3
h6 9. b4 Bg4 10. h3 Be6 11. b5 Ne7 12. Nd2 Qd7 13. Kh2 g5 14. Nb3 Rab8 15. Be3
b6 16. a4 d5 17. cxd5 Nfxd5 18. Nxd5 Bxd5 19. Qc2 Bxg2 20. Kxg2 c5 21. Qc4 Rbd8
22. Nd2 Kh7 23. Qc2 f5 24. Nc4 f4 25. Bd2 Qd5+ 26. Kg1 Nf5 27. d4 e4 28. f3
Nxg3 0-1

[Event "OSBEM A-Gruppe"]
[Site "Markdorf"]
[Date "2004.05.22"]
[Round "5"]
[White "Zieger, Michael"]
[Black "Fichtl, Xaver"]
[Result "0-1"]
[WhiteElo "1896"]
[BlackElo "1830"]
[PlyCount "66"]

1. e4 e6 2. d4 d5 3. Nc3 dxe4 4. Nxe4 f5 5. Nc3 Bd6 6. Bc4 Nf6 7. Bg5 h6 8. Be3
c6 9. Nge2 Nd5 10. Qd2 O-O 11. Nxd5 exd5 12. Bd3 Nd7 13. O-O-O Nf6 14. f3 Qc7
15. Nf4 Ne4 16. fxe4 fxe4 17. Ng6 Rf6 18. Bxe4 dxe4 19. Ne5 Be6 20. h3 Rd8 21.
Qc3 Rdf8 22. Rhe1 Qe7 23. a3 Bd5 24. Kb1 Re8 25. Rf1 Rxf1 26. Rxf1 Bxe5 27.
dxe5 Qxe5 28. Qxe5 Rxe5 29. Bxa7 e3 30. g3 Bg2 31. Re1 e2 32. h4 Bf3 33. Kc1
Rd5 0-1

[Event "OSBEM A-Gruppe"]
[Site "Markdorf"]
[Date "2004.05.22"]
[Round "5"]
[White "Kraemer, Markus"]
[Black "Rothmund, Achim"]
[Result "1-0"]
[WhiteElo "1897"]
[BlackElo "1856"]
[PlyCount "71"]

1. Nc3 d5 2. e4 e6 3. d3 c5 4. g3 Nf6 5. Bg2 Nc6 6. Bd2 Be7 7. Nf3 O-O 8. O-O
d4 9. Ne2 b5 10. a4 Qb6 11. axb5 Qxb5 12. b3 Bb7 13. Be1 a5 14. Nd2 a4 15. bxa4
Rxa4 16. Rb1 Qa6 17. Nc4 Rd8 18. Rb6 Qa7 19. Qb1 Nb4 20. Qb3 Rd7 21. Nf4 Rc7
22. Bxb4 Rxb4 23. Rxb4 cxb4 24. Ne2 Rc8 25. h3 Ra8 26. Rb1 Qc5 27. f4 Rc8 28.
e5 Bxg2 29. exf6 Qc6 30. Ne5 Qb7 31. fxe7 Bxh3 32. Kf2 Qg2+ 33. Ke1 f6 34. g4
Kh8 35. Qxe6 Qf1+ 36. Kd2 1-0

[Event "OSBEM A-Gruppe"]
[Site "Markdorf"]
[Date "2004.05.22"]
[Round "5"]
[White "Reimche, Vadim"]
[Black "Baur, Volker"]
[Result "1/2-1/2"]
[WhiteElo "2085"]
[BlackElo "1893"]
[PlyCount "142"]

1. Nf3 c5 2. g3 Nf6 3. Bg2 Nc6 4. d3 e6 5. e4 d6 6. O-O Be7 7. Nc3 O-O 8. Re1
Bd7 9. e5 dxe5 10. Nxe5 Nxe5 11. Rxe5 Qc7 12. Re1 Bc6 13. Ne4 Nxe4 14. Bxe4
Bxe4 15. Rxe4 Bf6 16. a4 Rfd8 17. Qe2 Rd5 18. Rb1 Rad8 19. b3 Qa5 20. h4 Rd4
21. Re3 R4d5 22. Re4 Rd4 23. Rxd4 cxd4 24. Bb2 Qc5 25. Rc1 Rc8 26. Qe4 Qb4 27.
Qe2 Bd8 28. Qe5 Bf6 29. Qb5 Qxb5 30. axb5 h5 31. Ba3 Bd8 32. Kf1 Ba5 33. Ke2
Bc3 34. Rb1 Ba5 35. Kd1 Bb6 36. Ra1 Rd8 37. Bb4 Rd5 38. Ba5 Bxa5 39. Rxa5 a6
40. c4 dxc3 41. Kc2 axb5 42. Ra8+ Kh7 43. Kxc3 e5 44. Rc8 Rd4 45. Rc7 b4+ 46.
Kc2 Kg6 47. Rxb7 Kf6 48. f3 Ke6 49. Kd2 f5 50. Rxg7 e4 51. fxe4 fxe4 52. Rb7
Rxd3+ 53. Kc2 Rc3+ 54. Kb2 Rxg3 55. Rxb4 Rg4 56. Rb6+ Kd7 57. Kc3 e3 58. Kd3
Re4 59. Ke2 Kc7 60. Rb5 Rxh4 61. Kxe3 Rh3+ 62. Kd4 Kc6 63. Rb8 h4 64. b4 Rh1
65. Rh8 h3 66. Kc4 h2 67. Rh6+ Kc7 68. Kb5 Kb7 69. Rh7+ Kc8 70. Rh3 Kb7 71. Rh8
Kc7 1/2-1/2

[Event "OSBEM A-Gruppe"]
[Site "Markdorf"]
[Date "2004.05.22"]
[Round "5"]
[White "Bantle, Manfred"]
[Black "Vengring, Antal"]
[Result "0-1"]
[WhiteElo "1910"]
[BlackElo "1794"]
[PlyCount "136"]

1. d4 e6 2. Nf3 Nf6 3. e3 c5 4. Bd3 Nc6 5. O-O d5 6. b3 cxd4 7. exd4 Bd6 8. Bb2
Qc7 9. Re1 Nb4 10. Ne5 Nd7 11. Na3 a6 12. Re3 Nxd3 13. cxd3 Nf6 14. Nc2 Qe7 15.
Rh3 Bd7 16. Rc1 Rc8 17. g4 g6 18. Ne3 Bc6 19. Rc2 Ba3 20. Bc3 O-O 21. Rf3 Nd7
22. Rg3 f6 23. Nf3 Bd6 24. Rg2 e5 25. Nd2 Bb4 26. Ba1 Qd6 27. Ndf1 Bb5 28. f3
exd4 29. Bxd4 Ne5 30. Bxe5 fxe5 31. Rxc8 Rxc8 32. Rc2 Rxc2 33. Qxc2 Qc5 34. Kf2
e4 35. fxe4 dxe4 36. d4 Qxd4 37. Qc8+ Kf7 38. Qxb7+ Be7 39. Qd5+ Qxd5 40. Nxd5
Bc5+ 41. Ke1 Bg1 42. h3 Bd3 43. Nb4 Bb1 44. Nd2 a5 45. Nxb1 axb4 46. a3 bxa3
47. Nxa3 Kf6 48. Nc4 Bc5 49. Ke2 Kg5 50. Nd2 Kf4 51. Nf1 e3 52. g5 Kxg5 53.
Nxe3 Kh4 54. Nd5 Kxh3 55. b4 Ba7 56. b5 Kg3 57. b6 Bb8 58. b7 h5 59. Ne3 h4 60.
Nf1+ Kg2 61. Ne3+ Kg1 62. Kf3 h3 63. Ng4 Bc7 64. Nf2 h2 65. Nh3+ Kf1 66. Nf2 g5
67. Nh1 g4+ 68. Kxg4 Kg2 0-1

[Event "OSBEM A-Gruppe"]
[Site "Markdorf"]
[Date "2004.05.22"]
[Round "5"]
[White "Laengl, Juergen"]
[Black "Herz, Thomas"]
[Result "1-0"]
[WhiteElo "2158"]
[BlackElo "2043"]
[PlyCount "131"]

1. d4 Nf6 2. Nc3 d5 3. Bg5 Bf5 4. f3 Nbd7 5. Nxd5 Nxd5 6. e4 h6 7. Bh4 Ne3 8.
Qd3 Nxf1 9. exf5 Nc5 10. Qc3 Na4 11. Qb3 Nb6 12. Ne2 Nxh2 13. Rxh2 Qd5 14. g4
O-O-O 15. O-O-O Rd6 16. Bg3 Rc6 17. Nf4 Qxb3 18. axb3 g5 19. Nd3 Nd7 20. Nb4
Rb6 21. Nd5 Rc6 22. b4 a6 23. Re2 e6 24. c3 Bd6 25. fxe6 fxe6 26. Rxe6 Bxg3 27.
Ne7+ Kb8 28. Nxc6+ bxc6 29. Rh1 Rf8 30. Rxc6 Rxf3 31. Rxa6 Rf4 32. Kc2 Rxg4 33.
Rhxh6 Bf2 34. d5 Kb7 35. Rae6 Rh4 36. Rxh4 gxh4 37. Re7 Kc8 38. c4 Kd8 39. Rh7
Nf6 40. Rh8+ Kd7 41. Kd3 Be1 42. Kd4 Bf2+ 43. Ke5 Ng4+ 44. Kf4 Ne3 45. Kf3 Nxc4
46. Kxf2 Nxb2 47. Rxh4 Kd6 48. Rd4 Ke5 49. Ke3 Na4 50. Rh4 Kxd5 51. Kd3 Nb6 52.
Rh5+ Kd6 53. Kd4 Kc6 54. Rc5+ Kb7 55. Rc1 Nd7 56. Kd5 Kb6 57. Rc6+ Kb7 58. Rh6
Nb8 59. Kc5 Na6+ 60. Rxa6 Kxa6 61. Kc6 Ka7 62. Kxc7 Ka6 63. Kc6 Ka7 64. b5 Kb8
65. Kb6 Ka8 66. Kc7 1-0

[Event "OSBEM A-Gruppe"]
[Site "Markdorf"]
[Date "2004.05.22"]
[Round "6"]
[White "Namyslo, Holger"]
[Black "Knoedler, Dieter"]
[Result "1/2-1/2"]
[WhiteElo "2204"]
[BlackElo "2290"]
[PlyCount "55"]

1. e4 e6 2. d4 d5 3. Nc3 Bb4 4. e5 c5 5. Bd2 Ne7 6. Nb5 Bxd2+ 7. Qxd2 O-O 8. f4
a6 9. Nd6 cxd4 10. Nf3 Nbc6 11. Bd3 f6 12. O-O Bd7 13. Qe1 Qb6 14. Qh4 Nf5 15.
Nxf5 exf5 16. a3 Rae8 17. Rae1 fxe5 18. fxe5 h6 19. b4 Re7 20. Re2 Rfe8 21.
Rfe1 Qc7 22. Kf1 Qb6 23. Qh5 Nd8 24. Bxf5 Bxf5 25. Qxf5 Rf8 26. Qd3 Ne6 27. Rf2
Rc7 28. Rd1 1/2-1/2

[Event "OSBEM A-Gruppe"]
[Site "Markdorf"]
[Date "2004.05.22"]
[Round "6"]
[White "Schroeder, Johannes"]
[Black "Wohlfahrt, Rainer"]
[Result "1/2-1/2"]
[WhiteElo "2228"]
[BlackElo "2065"]
[PlyCount "36"]

1. d4 Nf6 2. c4 g6 3. g3 Bg7 4. Nf3 O-O 5. Bg2 d5 6. O-O dxc4 7. Na3 c3 8. bxc3
c5 9. Nc4 Nc6 10. Nce5 Nxe5 11. Nxe5 Nd5 12. Bb2 Nb6 13. Ba3 Qc7 14. Bxc5 Bxe5
15. Bxb6 axb6 16. dxe5 Qxe5 17. Qd2 Ra3 18. Rfc1 Qc7 1/2-1/2

[Event "OSBEM A-Gruppe"]
[Site "Markdorf"]
[Date "2004.05.22"]
[Round "6"]
[White "Muetz, Gunnar"]
[Black "Laengl, Juergen"]
[Result "1-0"]
[WhiteElo "2092"]
[BlackElo "2158"]
[PlyCount "101"]

1. e4 e6 2. d4 d5 3. Nc3 Bb4 4. e5 c5 5. a3 Bxc3+ 6. bxc3 Ne7 7. a4 Qa5 8. Bd2
Nbc6 9. Nf3 Bd7 10. Bb5 Qc7 11. O-O a6 12. Bxc6 Nxc6 13. Qe2 Na5 14. Bc1 b5 15.
Qe3 bxa4 16. Qg5 O-O 17. Ba3 Nb7 18. Rfe1 Rfc8 19. Re3 Bb5 20. Rd1 Qd7 21. dxc5
Nxc5 22. Rd4 h6 23. Qh5 Qe8 24. Rg4 f5 25. Rg6 Qf7 26. Ng5 hxg5 27. Rh3 Kf8 28.
Qxg5 Qg8 29. Rg3 Rc7 30. Bxc5+ Ke8 31. Qh5 Kd8 32. Bb6 Be8 33. Bxc7+ Kc8 34.
Rxg7 Qxg7 35. Qxe8+ Kb7 36. Rxg7 Rxe8 37. Bd6+ Kb6 38. h4 Rc8 39. Rg3 Rh8 40.
Rh3 Rh5 41. Kf1 Kb5 42. Ke2 Kc4 43. Kd2 f4 44. g4 fxg3 45. fxg3 a3 46. Bxa3
Rxe5 47. h5 Rf5 48. h6 Rf2+ 49. Kc1 d4 50. cxd4 Rf3 51. Kb2 1-0